INFORME FINAL DEL EJERCICIO PROFESIONAL SUPERVISADO (EPS), REALIZADO EN EL RANCHO MARÍA TERESA SEDE CENTRAL DE GENÉTICA BOVINA DE CENTROAMÉRICA, UBICADO EN EL MUNICIPIO DE PALÍN, ESCUINTLA./ (Registro nro. 2345)

Detalles MARC
000 -LEADER
campo de control de longitud fija 03232nam a22003257a 4500
001 - NÚMERO DE CONTROL
campo de control TZ 0050
003 - IDENTIFICADOR DE NÚMERO DE CONTROL
campo de control gtcocun
005 - FECHA Y HORA DE LA ÚLTIMA TRANSACCIÓN
campo de control 20251014194209.0
006 - CÓDIGOS DE INFORMACIÓN DE LONGITUD FIJA--CARACTERÍSTICAS DEL MATERIAL ADICIONAL
campo de control de longitud fija a||||gr|||| 00| 0
007 - CAMPO FIJO DE DESCRIPCIÓN FÍSICA--INFORMACIÓN GENERAL
campo de control de longitud fija ta
008 - DATOS DE LONGITUD FIJA--INFORMACIÓN GENERAL
campo de control de longitud fija 251014b2014 gt ||||| m||| 00| 0 eng d
040 ## - FUENTE DE CATALOGACIÓN
Centro catalogador/agencia de origen gtcocun
Lengua de catalogación SPA
Centro/agencia transcriptor gtcocun
Normas de descripción RDA
041 ## - CÓDIGO DE IDIOMA
Código de lengua del texto/banda sonora o título independiente SPA TZ 0050
084 ## - OTRO NÚMERO DE CLASIFICACIÓN
Número de control del registro de autoridad o número normalizado TZ 0050
100 ## - ENTRADA PRINCIPAL--NOMBRE DE PERSONA
Nombre de persona Guzmán Segura, Oscar Antonio
Término indicativo de función/relación Autor
245 ## - MENCIÓN DEL TÍTULO
Título INFORME FINAL DEL EJERCICIO PROFESIONAL SUPERVISADO (EPS), REALIZADO EN EL RANCHO MARÍA TERESA SEDE CENTRAL DE GENÉTICA BOVINA DE CENTROAMÉRICA, UBICADO EN EL MUNICIPIO DE PALÍN, ESCUINTLA./
Mención de responsabilidad, etc. Oscar Antonio Guzmán Segura.
Medio Impreso
264 ## - PRODUCCIÓN, PUBLICACIÓN, DISTRIBUCIÓN, FABRICACIÓN Y COPYRIGHT
Producción, publicación, distribución, fabricación y copyright Cobán, Alta Verapaz:
Nombre del de productor, editor, distribuidor, fabricante Universidad de San Carlos de Guatemala, Centro Universitario del Norte, Zootecnia
Fecha de producción, publicación, distribución, fabricación o copyright 2014
300 ## - DESCRIPCIÓN FÍSICA
Extensión 81 p.:
Otras características físicas Ilustraciones, gráficas.
Dimensiones 28 cm;
336 ## - TIPO DE CONTENIDO
Fuente rdacontenido
Término de tipo de contenido Texto
Código de tipo de contenido txt
337 ## - TIPO DE MEDIO
Fuente rdamedio
Nombre/término del tipo de medio Computadora
Código del tipo de medio n
338 ## - TIPO DE SOPORTE
Fuente rdasoporte
Nombre/término del tipo de soporte Código en línea
Código del tipo de soporte cr
502 ## - NOTA DE TESIS
identificador de la tesis TZ 0050
502 ## - NOTA DE TESIS
Nota de tesis Tesis de grado
Tipo de título Zootecnia,
Nombre de la institución que otorga el título Universidad de San Carlos de Guatemala, Centro Universitario del Norte, Zootecnia
Año de obtención del título 2014
Identificador de la tesis TZ 0050
520 14 - RESUMEN, ETC.
Sumario, etc. El Ejercicio Profesional Supervisado (E.P.S.) se realizó en el rancho María Teresa, ubicado en el kilómetro 39.5 autopista Palín-Escuintla, municipio de Palín, departamento de Escuintla. Tuvo una duración de ocho meses, las actividades planificadas, se realizaron en el período comprendido del 18 de febrero al 18 de octubre de 2 013.<br/><br/>Se tuvo la oportunidad de participar en actividades de mantenimiento,<br/>alimentación, sanidad y reproducción de ganado bovino (Bos taurus y Bos<br/>indicus). Inicialmente se realizó un diagnóstico de éste, el que sirvió para<br/>identificar y jerarquizar las actividades que determinaron el plan de trabajo, con<br/>el objeto de cumplir con los requerimientos de la unidad productiva.<br/><br/>Para ello fue necesario mecanizar, sembrar y cosechar 33.14 hectáreas de maíz (Zea mays), que produjeron 1 322 toneladas de forraje verde para ensilado. La aplicación del plan profiláctico, a 188 animales a los que se les inoculó el antígeno para la prevención de cuatro enfermedades. Desarrollar el proceso de colecta y empajillado de semen, dos veces por semana durante seis meses, con la colecta y procesamiento del eyaculado de 75 bovinos (Bostaurus y Bos indicus).<br/><br/>Aplicar la técnica de inseminación artificial a 75 hembras, con un porcentaje de preñez de 60 por ciento. Participar en los procesos que se llevaron a cabo para la colecta y transferencia exitosa de 91 embriones, permitió la adquisición de conocimientos y la introducción a dichos procesos. La<br/>identificación de 17 terneros a través de la técnica del tatuado. Capacitar a 105 promotores del área rural, sobre el manejo, aplicación de biológicos y<br/>desparasitación en aves de postura.
650 14 - PUNTO DE ACCESO ADICIONAL DE MATERIA--TÉRMINO DE MATERIA
Fuente del encabezamiento o término LEMB
Término de materia o nombre geográfico como elemento de entrada Palín, Escuintla
Subdivisión general Zootecnia
-- Reproducción
-- Aliementación
-- Profiláctico
-- Antígeno
-- Reproducción
700 ## - ENTRADA AGREGADA--NOMBRE PERSONAL
Nombre de persona Ing. Quim. Edwin Horacio Valle Peralta
Término indicativo de función/relación Asesor
856 ## - LOCALIZACIÓN Y ACCESO ELECTRÓNICOS
Identificador Uniforme de Recurso <a href="https://drive.google.com/file/d/14GYFDBiZwS60_9lhUjkxwnBo4T27HJ6L/view">https://drive.google.com/file/d/14GYFDBiZwS60_9lhUjkxwnBo4T27HJ6L/view</a>
Texto de enlace PDF
Nota pública Un ejemplar en línea.
942 ## - ELEMENTOS DE ENTRADA SECUNDARIOS (KOHA)
Fuente de la clasificación o esquema de estantería Clasificación Decimal Dewey
Tipo de ítem Koha TESIS
Parte de la signatura que identifica el ejemplar (Parte del ítem) TZ 0050
Prefijo de la signatura Clasificación
Suprimir en OPAC No
-- TZ_0050_000000000000000
Existencias
Estatus retirado Estado de pérdida Fuente de la clasificación o esquema de estantería Estado de daño No para préstamo Colección Biblioteca de origen Biblioteca actual Fecha de adquisición Número de inventario Total de préstamos Signatura topográfica completa Código de barras Visto por última vez Precio de reemplazo Tipo de ítem Koha
    Clasificación Decimal Dewey     tesis BIBLIOTECA- CUNOR -JOSÉ LUIS GONZALES ROSALES BIBLIOTECA- CUNOR -JOSÉ LUIS GONZALES ROSALES 13/10/2025 TZ 0050   TZ 0050 TZ 0050 13/10/2025 13/10/2025 TESIS